00394nam a22001457a 450000500170000000800410001702200130005804100120007108200130008310000120009624500350010826000470014330000320019065000260022220240904082754.0240904b |||||||| |||| 00| 0 eng d a10246991 aEnglish a349 LAW  lEnglish aThe Namibian Law Reports 2021  aCape Town: bJuta and Company Ltd, c2021  bxxiii, 307 pages; c26 cm.  aLegal practice bLaw